header

Gerald Odonis, Doctor Moralis and Franciscan minister general (Record no. 245138)

MARC details
000 -LEADER
fixed length control field 02237nam a2200373 a 4500
082 04 - DEWEY DECIMAL CLASSIFICATION NUMBER
Classification number 189/.4
245 00 - TITLE STATEMENT
Title Gerald Odonis, Doctor Moralis and Franciscan minister general
260 ## - PUBLICATION, DISTRIBUTION, ETC. (IMPRINT)
Place of publication Leiden ;
-- Boston :
Name of publisher Brill,
Year of publication 2009.
300 ## - PHYSICAL DESCRIPTION
Number of Pages ix, 227 p.
500 ## - GENERAL NOTE
General note "Also published as volume 47, no. 2-3 (2009) of Brill's journal Vivarium."--T.p. verso.
505 0# - FORMATTED CONTENTS NOTE
Formatted contents note Introduction / William Duba and Chris Schabel -- Gerald Odonis' Economics treatise / Giovanni Ceccarelli and Sylvain Piron -- Gerald Odonis' Tractatus de suppositionibus : what is Suppositio communicabilis? / Stephen F. Brown -- Gerald Odonis on the notion of esse tertio adiacens / Joke Spruyt -- Gerald Odonis' Commentary on the ethics : a discussion of the manuscripts and general survey / Camarin Porter -- Locus est spatium : on Gerald Odonis' Quaestio de loco / Paul J.J.M. Bakker and Sander W. de Boer -- Gerald Odonis on the plurality of worlds / Chris Schabel -- The beatic vision in the Sentences commentary of Gerald Odonis / William Duba -- Letters and politics : Gerald Odonis vs. Francis of Marchia / Roberto Lambertini.
700 1# - ADDED ENTRY--PERSONAL NAME
Personal name Rijk, Lambertus Marie de.
Personal name Duba, William.
Personal name Schabel, Christopher David.
856 40 - ELECTRONIC LOCATION AND ACCESS
Uniform Resource Identifier http://site.ebrary.com/lib/rucke/Doc?id=10439333

No items available.

© 2026 Rongo University
Contact us: librarian | system librarian | Rongo university